[Event "Liga Madrileña - DH 2018-2019"]
[Site "Madrid ESP"]
[Date "2018.12.16"]
[Round "4.5"]
[White "Perez Gonzalez, Jose Manuel"]
[Black "De la Orden Alcocer, Alejandro"]
[Result "1-0"]
[WhiteElo "2221"]
[BlackElo "1980"]
[PlyCount "161"]
[EventDate "2018.11.18"]
[EventType "team-tourn"]
[EventRounds "14"]
[EventCountry "ESP"]
[SourceTitle "Ajedrez en Madrid"]
[Source "lmi"]
[SourceDate "2018.11.18"]
[SourceVersion "1"]
[SourceVersionDate "2019.04.02"]
[SourceQuality "1"]
[WhiteTeam "Liberty Chess"]
[BlackTeam "San Fernando de Henares"]
[WhiteTeamCountry "ESP"]
[BlackTeamCountry "ESP"]

1. e4 c6 2. d4 g6 3. Nf3 Bg7 4. c3 d6 5. Bf4 Nf6 6. Nbd2 Nbd7 7. Be2 Nh5 8. Be3
e5 9. Nc4 Qc7 10. dxe5 dxe5 11. Qd6 Qxd6 12. Nxd6+ Ke7 13. O-O-O h6 14. Rd2
Nhf6 15. Rhd1 b5 16. g4 Rd8 17. h3 Ne8 18. Nxc8+ Raxc8 19. Bxa7 Ra8 20. Be3
Rxa2 21. Bb6 Nxb6 22. Rxd8 Na4 23. R1d7+ Ke6 24. Rd2 Ke7 25. Rxe8+ Kxe8 26. Kb1
Nxc3+ 27. bxc3 Ra4 28. Bd3 f5 29. gxf5 gxf5 30. Ra2 Rxa2 31. Kxa2 f4 32. Nh4
Kd7 33. Be2 Kc7 34. Kb3 Kb6 35. Bh5 Kc5 36. Be8 Kb6 37. c4 Kc5 38. cxb5 cxb5
39. Nf5 Bf8 40. Bf7 Kc6 41. Kc3 Kc5 42. h4 Kc6 43. h5 Kc5 44. Nh4 Kc6 45. Ng6
Bd6 46. f3 Kc5 47. Bd5 Kb6 48. Nh8 Bf8 49. Nf7 Bg7 50. Nd8 Bf6 51. Ne6 Bh4 52.
Nf8 Kc7 53. Ne6+ Kb6 54. Ng7 Be7 55. Nf5 Bf8 56. Nh4 Be7 57. Ng2 Ka5 58. Kb3
Kb6 59. Kc3 Ka5 60. Bb3 Bb4+ 61. Kc2 Kb6 62. Kd3 Kc6 63. Ke2 Kc5 64. Kd3 Kc6
65. Bd5+ Kb6 66. Ke2 Be7 67. Ne1 Ka5 68. Nd3 Bd6 69. Bb3 Kb6 70. Kf2 Kc6 71.
Kg2 Kd7 72. Kh3 Ke7 73. Kg4 Kf6 74. Bd5 Be7 75. Bc6 b4 76. Bd5 Bd6 77. Ne1 Be7
78. Ng2 Bc5 79. Nh4 Bd6 80. Nf5 Bf8 81. Bb3 1-0

[Event "Liga Madrileña - DH 2018-2019"]
[Site "Madrid ESP"]
[Date "2018.12.16"]
[Round "4.6"]
[White "Rodriguez Lopez, Ruben"]
[Black "Paredes Sanchez, Juan Antonio"]
[Result "0-1"]
[WhiteElo "1855"]
[BlackElo "2147"]
[PlyCount "94"]
[EventDate "2018.11.18"]
[EventType "team-tourn"]
[EventRounds "14"]
[EventCountry "ESP"]
[SourceTitle "Ajedrez en Madrid"]
[Source "lmi"]
[SourceDate "2018.11.18"]
[SourceVersion "1"]
[SourceVersionDate "2019.04.02"]
[SourceQuality "1"]
[WhiteTeam "San Fernando de Henares"]
[BlackTeam "Liberty Chess"]
[WhiteTeamCountry "ESP"]
[BlackTeamCountry "ESP"]

1. e4 c5 2. Nf3 d6 3. Be2 Nf6 4. c3 Bg4 5. h3 Bh5 6. a3 e6 7. O-O Nc6 8. d3 d5
9. Nbd2 Be7 10. b4 O-O 11. e5 Nd7 12. bxc5 Bxc5 13. d4 Bb6 14. Nb3 f6 15. exf6
Nxf6 16. Ng5 Bf7 17. Bg4 Nxg4 18. Qxg4 Qf6 19. f4 Nxd4 20. cxd4 Bxd4+ 21. Nxd4
Qxd4+ 22. Be3 Qxe3+ 23. Kh2 Rae8 24. Nf3 Bg6 25. Ne5 Bf5 26. Qh4 Be4 27. Qg5
Rf5 28. Qg4 Rc8 29. Ra2 Rc1 30. Rff2 Qc5 31. Qh4 Qf8 32. Rab2 b6 33. a4 Ra1 34.
Nd7 Qe8 35. Ne5 Rxa4 36. g4 Rf6 37. g5 Rf5 38. Qg4 Ra1 39. Qe2 Qb8 40. Kg3 Rg1+
41. Kh2 Rgxg5 42. h4 Rxe5 43. hxg5 Rxg5 44. Kh3 Rf5 45. Qg4 Rf6 46. Qd1 Qd8 47.
Rbd2 Rh6+ 0-1

[Event "Liga Madrileña - DH 2018-2019"]
[Site "Madrid ESP"]
[Date "2019.01.13"]
[Round "5.1"]
[White "Espinosa Aranda, Angel"]
[Black "Moreno Trujillo, Alejandro"]
[Result "0-1"]
[WhiteElo "2478"]
[BlackElo "2515"]
[PlyCount "122"]
[EventDate "2018.11.18"]
[EventType "team-tourn"]
[EventRounds "14"]
[EventCountry "ESP"]
[SourceTitle "Ajedrez en Madrid"]
[Source "lmi"]
[SourceDate "2018.11.18"]
[SourceVersion "1"]
[SourceVersionDate "2019.04.02"]
[SourceQuality "1"]
[WhiteTeam "Virgen de Atocha"]
[BlackTeam "64 Villalba"]
[WhiteTeamCountry "ESP"]
[BlackTeamCountry "ESP"]

1. Nf3 Nf6 2. c4 e6 3. g3 d5 4. Bg2 Be7 5. O-O O-O 6. d4 dxc4 7. Ne5 Nc6 8.
Bxc6 bxc6 9. Nxc6 Qe8 10. Nxe7+ Qxe7 11. Qa4 e5 12. dxe5 Bh3 13. Re1 Ng4 14.
Qxc4 Nxe5 15. Qc3 Rad8 16. Bf4 Rd5 17. Qe3 Qf6 18. Nc3 Ra5 19. Rad1 Nc4 20. Qd4
Qc6 21. Nd5 Re8 22. e4 Nb6 23. Rc1 Qd7 24. Rxc7 Qxd5 25. Qxd5 Nxd5 26. Bd2 Nxc7
27. Bxa5 Ne6 28. f3 Rc8 29. Bc3 h5 30. Kf2 Rd8 31. Ke3 f6 32. Rc1 Kf7 33. Ba5
Rb8 34. b3 Ke7 35. Bd2 Kd7 36. Ba5 Rb7 37. Rd1+ Ke7 38. Rc1 Nf8 39. Rc5 g6 40.
Rc7+ Rxc7 41. Bxc7 Bd7 42. Bb8 a6 43. Kd4 Bb5 44. Ke3 Ne6 45. Ba7 Kd6 46. Bb6
f5 47. exf5 gxf5 48. h3 Bf1 49. h4 Kd5 50. Ba5 f4+ 51. gxf4 Bh3 52. a4 Nc5 53.
f5 Bxf5 54. Kf4 Bg6 55. Kg5 Be8 56. f4 Nxb3 57. Bd8 Nc5 58. f5 Ne4+ 59. Kf4
Bxa4 60. f6 Be8 61. Kf5 Bf7 0-1

[Event "Liga Madrileña - DH 2018-2019"]
[Site "Madrid ESP"]
[Date "2019.01.13"]
[Round "5.2"]
[White "Khamrakulov, Ibragim S"]
[Black "Almagro Llamas, Pablo"]
[Result "1-0"]
[WhiteElo "2444"]
[BlackElo "2456"]
[PlyCount "49"]
[EventDate "2018.11.18"]
[EventType "team-tourn"]
[EventRounds "14"]
[EventCountry "ESP"]
[SourceTitle "Ajedrez en Madrid"]
[Source "lmi"]
[SourceDate "2018.11.18"]
[SourceVersion "1"]
[SourceVersionDate "2019.04.02"]
[SourceQuality "1"]
[WhiteTeam "64 Villalba"]
[BlackTeam "Virgen de Atocha"]
[WhiteTeamCountry "ESP"]
[BlackTeamCountry "ESP"]

1. e4 c5 2. c3 d5 3. exd5 Qxd5 4. d4 Nf6 5. Na3 e6 6. Be3 cxd4 7. Nb5 Qd8 8.
Qxd4 Nd5 9. O-O-O a6 10. c4 Nc6 11. Qe4 axb5 12. cxd5 Rxa2 13. Kb1 f5 14. Qd3
Nb4 15. Qxb5+ Bd7 16. dxe6 Ra1+ 17. Kxa1 Qa8+ 18. Qa6 Nxa6 19. exd7+ Kd8 20.
Kb1 Nc7 21. Nf3 Qa4 22. Rd4 Qc6 23. Bc4 Bc5 24. Bg5+ Be7 25. Re1 1-0

[Event "Liga Madrileña - DH 2018-2019"]
[Site "Madrid ESP"]
[Date "2019.01.13"]
[Round "5.3"]
[White "Rubio Mejia, Luis Ignacio"]
[Black "Ruperez Benito, Antonio"]
[Result "1-0"]
[WhiteElo "2440"]
[BlackElo "2350"]
[PlyCount "115"]
[EventDate "2018.11.18"]
[EventType "team-tourn"]
[EventRounds "14"]
[EventCountry "ESP"]
[SourceTitle "Ajedrez en Madrid"]
[Source "lmi"]
[SourceDate "2018.11.18"]
[SourceVersion "1"]
[SourceVersionDate "2019.04.02"]
[SourceQuality "1"]
[WhiteTeam "Virgen de Atocha"]
[BlackTeam "64 Villalba"]
[WhiteTeamCountry "ESP"]
[BlackTeamCountry "ESP"]

1. d4 d5 2. c4 e6 3. Nc3 Nf6 4. cxd5 exd5 5. Bg5 Be7 6. e3 c6 7. Qc2 Nbd7 8.
Bd3 h6 9. Bh4 Nh5 10. Bxe7 Qxe7 11. O-O-O Nb6 12. Kb1 Be6 13. Nf3 Nf6 14. Rc1
O-O-O 15. Na4 Nfd7 16. Nc5 Nxc5 17. dxc5 Nc4 18. Ka1 Qf6 19. Qc3 Qxc3 20. Rxc3
Bg4 21. Nd4 Ne5 22. Kb1 Kc7 23. Kc1 b5 24. Kd2 a5 25. f4 b4 26. Rcc1 Nxd3 27.
Kxd3 Bc8 28. a3 Ba6+ 29. Kd2 bxa3 30. bxa3 Rb8 31. Rb1 g6 32. Rhc1 Bc4 33. g3
Rhe8 34. Nf3 f6 35. Nd4 Kd7 36. Re1 Ba2 37. Rxb8 Rxb8 38. Kc3 a4 39. Re2 Bb3
40. Rb2 Re8 41. Re2 Bc4 42. Re1 Rb8 43. e4 h5 44. e5 fxe5 45. fxe5 Rf8 46. e6+
Ke8 47. Re3 Rf2 48. Nxc6 Ra2 49. Kd4 h4 50. Nb4 Rxh2 51. c6 Bb5 52. c7 Bd7 53.
exd7+ Kxd7 54. Re7+ Kxe7 55. c8=Q hxg3 56. Nxd5+ Kf7 57. Qc7+ Kf8 58. Qe7+ 1-0

[Event "Liga Madrileña - DH 2018-2019"]
[Site "Madrid ESP"]
[Date "2019.01.13"]
[Round "5.4"]
[White "Vega Gomez, Francisco Borja"]
[Black "Plazuelo Pascual, Juan"]
[Result "0-1"]
[WhiteElo "2284"]
[BlackElo "2416"]
[PlyCount "90"]
[EventDate "2018.11.18"]
[EventType "team-tourn"]
[EventRounds "14"]
[EventCountry "ESP"]
[SourceTitle "Ajedrez en Madrid"]
[Source "lmi"]
[SourceDate "2018.11.18"]
[SourceVersion "1"]
[SourceVersionDate "2019.04.02"]
[SourceQuality "1"]
[WhiteTeam "64 Villalba"]
[BlackTeam "Virgen de Atocha"]
[WhiteTeamCountry "ESP"]
[BlackTeamCountry "ESP"]

1. e4 e6 2. Qe2 c5 3. g3 Nc6 4. Bg2 g6 5. h4 h5 6. Nh3 Bg7 7. Na3 Nge7 8. O-O
d5 9. d3 e5 10. Bg5 f6 11. Be3 d4 12. Bd2 Be6 13. f4 Qd7 14. Nf2 Nc8 15. f5
gxf5 16. exf5 Bxf5 17. Ne4 Bxe4 18. Bxe4 N8e7 19. Kh2 O-O-O 20. Nc4 Kb8 21. a3
f5 22. Bg2 Qe6 23. b4 cxb4 24. axb4 Nd5 25. b5 Nce7 26. Rae1 Ng6 27. Bg5 Rd7
28. Bh3 Rf7 29. Qf3 Rhf8 30. Qxh5 Nc3 31. Qf3 e4 32. Bf4+ Ka8 33. Qg2 Nxf4 34.
Rxf4 Bh6 35. Rff1 Qd5 36. b6 a6 37. Ra1 f4 38. gxf4 Bxf4+ 39. Kh1 Bb8 40. Rxf7
Qxf7 41. Ra5 Qf4 42. Ra1 Qxh4 43. dxe4 Rf2 44. Qg4 Rh2+ 45. Kg1 Qf2# 0-1

[Event "Liga Madrileña - DH 2018-2019"]
[Site "Madrid ESP"]
[Date "2019.01.13"]
[Round "5.5"]
[White "Aguilera Lopez, Alejandro"]
[Black "Longa Yauca, Javier"]
[Result "0-1"]
[WhiteElo "2207"]
[BlackElo "2226"]
[PlyCount "102"]
[EventDate "2018.11.18"]
[EventType "team-tourn"]
[EventRounds "14"]
[EventCountry "ESP"]
[SourceTitle "Ajedrez en Madrid"]
[Source "lmi"]
[SourceDate "2018.11.18"]
[SourceVersion "1"]
[SourceVersionDate "2019.04.02"]
[SourceQuality "1"]
[WhiteTeam "Virgen de Atocha"]
[BlackTeam "64 Villalba"]
[WhiteTeamCountry "ESP"]
[BlackTeamCountry "ESP"]

1. d4 Nf6 2. Nf3 d6 3. Bg5 Ne4 4. Bh4 c6 5. c4 g5 6. Nxg5 Qa5+ 7. b4 Qxb4+ 8.
Nd2 Nxg5 9. Bxg5 Bg7 10. e3 Qa5 11. Bh4 c5 12. dxc5 dxc5 13. Bd3 Qc3 14. Ke2
Qxa1 15. Qxa1 Bxa1 16. Rxa1 Nc6 17. Be4 Bd7 18. Nb3 b6 19. Rd1 f6 20. a4 a5 21.
Nc1 O-O-O 22. Na2 Nb4 23. Nc3 Be6 24. Nd5 Bxd5 25. cxd5 Kb8 26. Bg3+ Ka7 27. h4
Rd7 28. h5 Rhd8 29. Bxh7 Nxd5 30. Rc1 e6 31. Bg6 Ne7 32. Bf7 Rd2+ 33. Kf3 e5
34. Bh4 Nf5 35. Rh1 Rh8 36. g4 Nxh4+ 37. Rxh4 b5 38. axb5 Kb6 39. Rh1 a4 40.
Rb1 a3 41. Ra1 Ra8 42. Kg3 Kxb5 43. f4 exf4+ 44. exf4 a2 45. g5 f5 46. Rxa2
Rdxa2 47. Bxa2 Ra3+ 48. Kh4 Rxa2 49. h6 Rh2+ 50. Kg3 Rh1 51. Kg2 Rh5 0-1

[Event "Liga Madrileña - DH 2018-2019"]
[Site "Madrid ESP"]
[Date "2019.01.13"]
[Round "5.6"]
[White "Romera Gutierrez, Jose Antonio"]
[Black "Vazquez Torres, Adrian"]
[Result "0-1"]
[WhiteElo "1834"]
[BlackElo "2168"]
[PlyCount "78"]
[EventDate "2018.11.18"]
[EventType "team-tourn"]
[EventRounds "14"]
[EventCountry "ESP"]
[SourceTitle "Ajedrez en Madrid"]
[Source "lmi"]
[SourceDate "2018.11.18"]
[SourceVersion "1"]
[SourceVersionDate "2019.04.02"]
[SourceQuality "1"]
[WhiteTeam "64 Villalba"]
[BlackTeam "Virgen de Atocha"]
[WhiteTeamCountry "ESP"]
[BlackTeamCountry "ESP"]

1. b3 e5 2. Bb2 Nc6 3. e3 d6 4. c4 Bf5 5. d3 Nge7 6. Nc3 Qd7 7. Nf3 O-O-O 8.
Be2 h6 9. h3 Rg8 10. e4 Be6 11. Nd5 Ng6 12. Qd2 f5 13. b4 Kb8 14. a4 Nce7 15.
b5 Bxd5 16. cxd5 Nf4 17. g3 Nxe2 18. Qxe2 g5 19. Nd2 Bg7 20. Nc4 Rde8 21. Rb1
h5 22. Bc3 h4 23. a5 b6 24. axb6 axb6 25. Kd2 Kb7 26. Ra1 Ra8 27. Bb4 hxg3 28.
fxg3 g4 29. hxg4 fxg4 30. Qe3 Rxa1 31. Rxa1 Rh8 32. Qf2 Rf8 33. Qg1 Rf3 34.
Bxd6 Nxd5 35. exd5 e4 36. Rb1 e3+ 37. Nxe3 Qxd6 38. Rb3 Bd4 39. Qb1 Bxe3+ 0-1

[Event "Liga Madrileña - DH 2018-2019"]
[Site "Madrid ESP"]
[Date "2019.01.13"]
[Round "5.1"]
[White "Reyes Larena, Juan"]
[Black "Vallejo Diaz, Javier"]
[Result "1-0"]
[WhiteElo "2446"]
[BlackElo "2382"]
[PlyCount "93"]
[EventDate "2018.11.18"]
[EventType "team-tourn"]
[EventRounds "14"]
[EventCountry "ESP"]
[SourceTitle "Ajedrez en Madrid"]
[Source "lmi"]
[SourceDate "2018.11.18"]
[SourceVersion "1"]
[SourceVersionDate "2019.04.02"]
[SourceQuality "1"]
[WhiteTeam "San Sebastian de los Reyes"]
[BlackTeam "Alcorcon"]
[WhiteTeamCountry "ESP"]
[BlackTeamCountry "ESP"]

1. e4 c5 2. Nf3 d6 3. Nc3 Nf6 4. e5 dxe5 5. Nxe5 Nbd7 6. Nc4 Nb6 7. a4 a6 8. a5
Nxc4 9. Bxc4 Bd7 10. Nd5 Bc6 11. Nxf6+ exf6 12. O-O Be7 13. Qh5 O-O 14. Ra3 Be4
15. d3 Bc6 16. Re1 g6 17. Qh6 Kh8 18. d4 Bd7 19. Rae3 Bd6 20. dxc5 Be5 21. Rd1
Re8 22. Rxd7 Qxd7 23. Rh3 Qd1+ 24. Bf1 Kg8 25. Qxh7+ Kf8 26. Rd3 Qh5 27. Qxh5
gxh5 28. f4 Bc7 29. Bd2 Re4 30. g3 Re7 31. Kf2 Kg7 32. b4 Rae8 33. h4 Kg6 34.
Rd5 Rd8 35. Bd3+ Kh6 36. c4 Red7 37. Be4 f5 38. Bf3 Kg6 39. Bc3 Bb8 40. Ke2
Re8+ 41. Kd3 Rde7 42. Bd2 Bc7 43. Bg2 Re2 44. Bh3 Rh2 45. Bxf5+ Kh6 46. Rd7
Ree2 47. Rxf7 1-0

[Event "Liga Madrileña - DH 2018-2019"]
[Site "Madrid ESP"]
[Date "2019.01.13"]
[Round "5.2"]
[White "Gallardo Garcia, Andres"]
[Black "Quevedo Marin, Manuel"]
[Result "1/2-1/2"]
[WhiteElo "2331"]
[BlackElo "2188"]
[PlyCount "103"]
[EventDate "2018.11.18"]
[EventType "team-tourn"]
[EventRounds "14"]
[EventCountry "ESP"]
[SourceTitle "Ajedrez en Madrid"]
[Source "lmi"]
[SourceDate "2018.11.18"]
[SourceVersion "1"]
[SourceVersionDate "2019.04.02"]
[SourceQuality "1"]
[WhiteTeam "Alcorcon"]
[BlackTeam "San Sebastian de los Reyes"]
[WhiteTeamCountry "ESP"]
[BlackTeamCountry "ESP"]

1. d4 Nf6 2. c4 g6 3. Nc3 d5 4. Bf4 Bg7 5. Nf3 O-O 6. Rc1 dxc4 7. e4 c5 8. dxc5
Qa5 9. e5 Nh5 10. Be3 Rd8 11. Qa4 Qxa4 12. Nxa4 Nc6 13. Bxc4 Nxe5 14. Nxe5 Bxe5
15. O-O Nf4 16. g3 Nd3 17. Rcd1 Bf5 18. g4 Be4 19. f3 Bc6 20. Bxd3 Bxa4 21. b3
Bc6 22. f4 Bc3 23. Bc4 Be4 24. Kf2 Kg7 25. Ke2 a5 26. Bd3 Bc6 27. Bc4 Be4 28.
Rg1 f6 29. Bb5 Kf7 30. Rd7 Rxd7 31. Bxd7 Rd8 32. Bb5 e5 33. Rf1 Ke7 34. Bc4 Bc6
35. h4 a4 36. f5 axb3 37. axb3 gxf5 38. Rxf5 Bd7 39. Rxf6 Bxg4+ 40. Kf2 Kxf6
41. Bg5+ Kf5 42. Bxd8 Bd4+ 43. Kg3 h5 44. Be7 e4 45. b4 e3 46. Bg5 Ke4 47. Bf7
Kd3 48. Bxe3 Bxe3 49. Bd5 Bc8 50. c6 bxc6 51. Bxc6 Kc4 52. Bf3 1/2-1/2

[Event "Liga Madrileña - DH 2018-2019"]
[Site "Madrid ESP"]
[Date "2019.01.13"]
[Round "5.3"]
[White "Olazagoitia Rodriguez, Jose Luis"]
[Black "Vallejo Diaz, Jesus"]
[Result "1-0"]
[WhiteElo "2182"]
[BlackElo "2225"]
[PlyCount "67"]
[EventDate "2018.11.18"]
[EventType "team-tourn"]
[EventRounds "14"]
[EventCountry "ESP"]
[SourceTitle "Ajedrez en Madrid"]
[Source "lmi"]
[SourceDate "2018.11.18"]
[SourceVersion "1"]
[SourceVersionDate "2019.04.02"]
[SourceQuality "1"]
[WhiteTeam "San Sebastian de los Reyes"]
[BlackTeam "Alcorcon"]
[WhiteTeamCountry "ESP"]
[BlackTeamCountry "ESP"]

1. e4 c5 2. Nf3 e6 3. c3 Nf6 4. d3 Nc6 5. g3 d5 6. e5 Nd7 7. Bf4 Be7 8. h4 b5
9. Bh3 h6 10. h5 Qb6 11. O-O Bb7 12. Nbd2 O-O-O 13. a4 b4 14. Re1 Na5 15. d4
bxc3 16. bxc3 c4 17. Qc2 Bc6 18. Reb1 Qa6 19. Ne1 Kc7 20. Bg4 Rb8 21. Bd1 Rb6
22. Rxb6 axb6 23. Qa2 Qc8 24. Nf1 Nb8 25. Bc1 Qf8 26. Rb1 Na6 27. Nd2 g6 28.
Nc2 g5 29. Ba3 f6 30. Qb2 Bxa3 31. Qxb6+ Kd7 32. Qxa6 Nb3 33. Nxb3 cxb3 34.
Qa7+ 1-0

[Event "Liga Madrileña - DH 2018-2019"]
[Site "Madrid ESP"]
[Date "2019.01.13"]
[Round "5.4"]
[White "Garcia Dorado, Alberto"]
[Black "Reyes Peñas, Sebastian"]
[Result "0-1"]
[WhiteElo "2235"]
[BlackElo "2180"]
[PlyCount "162"]
[EventDate "2018.11.18"]
[EventType "team-tourn"]
[EventRounds "14"]
[EventCountry "ESP"]
[SourceTitle "Ajedrez en Madrid"]
[Source "lmi"]
[SourceDate "2018.11.18"]
[SourceVersion "1"]
[SourceVersionDate "2019.04.02"]
[SourceQuality "1"]
[WhiteTeam "Alcorcon"]
[BlackTeam "San Sebastian de los Reyes"]
[WhiteTeamCountry "ESP"]
[BlackTeamCountry "ESP"]

1. d4 Nf6 2. c4 e6 3. g3 Bb4+ 4. Bd2 Qe7 5. Bg2 O-O 6. e4 Bxd2+ 7. Nxd2 d6 8.
Ne2 e5 9. O-O a5 10. b3 Nc6 11. d5 Nb8 12. Nc1 c6 13. Nd3 Bd7 14. Re1 cxd5 15.
cxd5 b5 16. Rc1 Na6 17. a3 Rfc8 18. b4 a4 19. Qe2 Qd8 20. h3 Rxc1 21. Rxc1 Rc8
22. Qd1 Qb6 23. Rxc8+ Bxc8 24. Qc1 Bd7 25. Qc3 Ne8 26. Nf1 Qc7 27. Qxc7 Naxc7
28. Ne3 Na8 29. Bf1 Kf8 30. Nb2 Nec7 31. Nbd1 Nb6 32. Nc3 g6 33. Bd3 Ke7 34.
Kg2 Nc8 35. f4 f6 36. Kf3 Kf7 37. g4 Ne7 38. h4 Nc8 39. g5 Kg7 40. Ng4 Bxg4+
41. Kxg4 Na7 42. f5 fxg5 43. Kxg5 h6+ 44. Kg4 Kf6 45. fxg6 Kxg6 46. h5+ Kf6 47.
Be2 Kg7 48. Kf5 Kf7 49. Kg4 Kf6 50. Kh4 Kf7 51. Bg4 Na8 52. Bd7 Nc7 53. Kg4 Ke7
54. Bc6 Kf6 55. Kh4 Kf7 56. Kg3 Kg7 57. Kg4 Kf6 58. Bb7 Kg7 59. Kf5 Kf7 60. Nd1
Ne8 61. Nf2 Nf6 62. Ng4 Nxh5 63. Nxh6+ Ke7 64. Ng8+ Kd8 65. Ke6 Kc7 66. Bc6
Nf4+ 67. Kf5 Nxc6 68. dxc6 Ne2 69. Ke6 Nd4+ 70. Kd5 Ne2 71. Ke6 Nc3 72. Ne7
Nxe4 73. Nd5+ Kxc6 74. Ne7+ Kc7 75. Nd5+ Kb7 76. Kf5 Nd2 77. Ke6 Nc4 78. Kd7 e4
79. Nc3 e3 80. Ne2 Nxa3 81. Kxd6 Nc2 0-1

[Event "Liga Madrileña - DH 2018-2019"]
[Site "Madrid ESP"]
[Date "2019.01.13"]
[Round "5.5"]
[White "Gonzalez Tedin, Antonio"]
[Black "Medina Riesgo, Pedro"]
[Result "1-0"]
[WhiteElo "2136"]
[BlackElo "2141"]
[PlyCount "123"]
[EventDate "2018.11.18"]
[EventType "team-tourn"]
[EventRounds "14"]
[EventCountry "ESP"]
[SourceTitle "Ajedrez en Madrid"]
[Source "lmi"]
[SourceDate "2018.11.18"]
[SourceVersion "1"]
[SourceVersionDate "2019.04.02"]
[SourceQuality "1"]
[WhiteTeam "San Sebastian de los Reyes"]
[BlackTeam "Alcorcon"]
[WhiteTeamCountry "ESP"]
[BlackTeamCountry "ESP"]

1. c4 Nf6 2. Nc3 g6 3. e4 d6 4. d4 Bg7 5. f3 O-O 6. Bg5 c5 7. d5 Nbd7 8. Nh3 a6
9. Nf2 Rb8 10. Qd2 Qa5 11. a4 Re8 12. Be2 Ne5 13. f4 Ned7 14. O-O h6 15. Bh4
Nh7 16. Ra3 Bd4 17. Kh1 Ndf8 18. Nd3 e6 19. Bf3 exd5 20. cxd5 Qc7 21. Ne2 Bg7
22. Bg3 b5 23. axb5 axb5 24. Rc1 b4 25. Ra2 Nd7 26. Nxb4 Rb6 27. Nd3 Ba6 28. b4
Bxd3 29. Qxd3 Rxb4 30. Qa6 Rb6 31. Qa5 Reb8 32. h3 Nhf8 33. Kh2 Qb7 34. Qa7 Rb2
35. Qxb7 R8xb7 36. Ra6 R7b3 37. Ng1 Nb6 38. e5 c4 39. exd6 Nfd7 40. Be1 Bd4 41.
Ne2 Be3 42. Rc3 Nxd5 43. Bxd5 Rxe2 44. Rxb3 cxb3 45. Ra8+ Kh7 46. Bc3 Bxf4+ 47.
Kg1 Be5 48. Bxe5 Rxe5 49. Bxb3 Kg7 50. Ra7 Rb5 51. Bxf7 Kxf7 52. Rxd7+ Ke6 53.
Rg7 Kf6 54. Rh7 Rd5 55. d7 h5 56. Kf2 Kg5 57. Kf3 Rd4 58. Rf7 Rd6 59. Ke4 Rd2
60. Ke5 Re2+ 61. Kd6 Rxg2 62. d8=Q+ 1-0

[Event "Liga Madrileña - DH 2018-2019"]
[Site "Madrid ESP"]
[Date "2019.01.13"]
[Round "5.6"]
[White "Prada Lopez, Miguel Angel"]
[Black "Hernandez Ramos, David"]
[Result "1-0"]
[WhiteElo "2093"]
[BlackElo "2091"]
[PlyCount "101"]
[EventDate "2018.11.18"]
[EventType "team-tourn"]
[EventRounds "14"]
[EventCountry "ESP"]
[SourceTitle "Ajedrez en Madrid"]
[Source "lmi"]
[SourceDate "2018.11.18"]
[SourceVersion "1"]
[SourceVersionDate "2019.04.02"]
[SourceQuality "1"]
[WhiteTeam "Alcorcon"]
[BlackTeam "San Sebastian de los Reyes"]
[WhiteTeamCountry "ESP"]
[BlackTeamCountry "ESP"]

1. Nf3 d5 2. c4 e6 3. cxd5 exd5 4. d4 Nf6 5. g3 Bd6 6. Bg2 O-O 7. O-O c6 8. Nc3
Na6 9. Bg5 Re8 10. Re1 Nc7 11. e4 dxe4 12. Nxe4 Be7 13. Bxf6 Bxf6 14. Nxf6+
Qxf6 15. Rxe8+ Nxe8 16. Qb3 Nd6 17. Re1 Be6 18. Qb4 Rd8 19. a4 Bd5 20. Ne5 Bxg2
21. Kxg2 h5 22. h4 Qe6 23. Nf3 Qc4 24. Qa5 Re8 25. Rxe8+ Nxe8 26. Qxh5 Nf6 27.
Qe5 Qb3 28. Ng5 Qd5+ 29. Qxd5 Nxd5 30. Kf3 Kf8 31. Ke4 Ke7 32. Nf3 Nf6+ 33. Kf5
g6+ 34. Kf4 Nd5+ 35. Kg5 Nb4 36. Ne1 a5 37. g4 Nd5 38. Nd3 b5 39. h5 gxh5 40.
gxh5 Nf6 41. h6 Ke6 42. Nf4+ Ke7 43. axb5 cxb5 44. Nd5+ Nxd5 45. h7 f6+ 46. Kf5
Kf7 47. h8=Q Ne7+ 48. Ke4 Ke6 49. d5+ Kf7 50. Qh7+ Ke8 51. d6 1-0

[Event "Liga Madrileña - DH 2018-2019"]
[Site "Madrid ESP"]
[Date "2019.01.13"]
[Round "5.1"]
[White "Jimenez Lopez, Antonio"]
[Black "Bolado Saez, Sergio"]
[Result "1/2-1/2"]
[WhiteElo "2176"]
[BlackElo "2357"]
[PlyCount "40"]
[EventDate "2018.11.18"]
[EventType "team-tourn"]
[EventRounds "14"]
[EventCountry "ESP"]
[SourceTitle "Ajedrez en Madrid"]
[Source "lmi"]
[SourceDate "2018.11.18"]
[SourceVersion "1"]
[SourceVersionDate "2019.04.02"]
[SourceQuality "1"]
[WhiteTeam "San Fernando de Henares"]
[BlackTeam "Blanco y Negro"]
[WhiteTeamCountry "ESP"]
[BlackTeamCountry "ESP"]

1. e4 c5 2. Nf3 Nf6 3. Nc3 d6 4. d4 cxd4 5. Nxd4 a6 6. Bg5 e6 7. f4 h6 8. Bh4
Nbd7 9. Qe2 Qc7 10. O-O-O Be7 11. g4 b5 12. a3 Rb8 13. Bg2 b4 14. axb4 Rxb4 15.
Be1 Qc5 16. Nb3 Qc4 17. Qxc4 Rxc4 18. Na5 Rc7 19. h3 Rg8 20. Bg3 Nb6 1/2-1/2

[Event "Liga Madrileña - DH 2018-2019"]
[Site "Madrid ESP"]
[Date "2019.01.13"]
[Round "5.2"]
[White "Taboas Rodriguez, Daniel"]
[Black "Garrido Olivares, Ricard"]
[Result "1/2-1/2"]
[WhiteElo "2357"]
[BlackElo "2158"]
[PlyCount "53"]
[EventDate "2018.11.18"]
[EventType "team-tourn"]
[EventRounds "14"]
[EventCountry "ESP"]
[SourceTitle "Ajedrez en Madrid"]
[Source "lmi"]
[SourceDate "2018.11.18"]
[SourceVersion "1"]
[SourceVersionDate "2019.04.02"]
[SourceQuality "1"]
[WhiteTeam "Blanco y Negro"]
[BlackTeam "San Fernando de Henares"]
[WhiteTeamCountry "ESP"]
[BlackTeamCountry "ESP"]

1. d4 d5 2. Nf3 Nf6 3. c4 e6 4. Bg5 Be7 5. e3 Nbd7 6. Nc3 h6 7. Bh4 O-O 8. Rc1
c5 9. cxd5 Nxd5 10. Bxe7 Nxe7 11. Bb5 cxd4 12. Qxd4 Nf6 13. Ke2 Qxd4 14. Nxd4
Rd8 15. Rhd1 Bd7 16. Bxd7 Rxd7 17. Ndb5 Rxd1 18. Rxd1 Kf8 19. e4 Nc6 20. f3 Ke7
21. Ke3 Nd7 22. h4 Nc5 23. a3 a6 24. Nd4 Rc8 25. Nxc6+ Rxc6 26. Rd4 Nd7 27. f4
1/2-1/2